| 000 | 00704cab a2200241 4500 | ||
|---|---|---|---|
| 001 | ABS52736 | ||
| 008 | 090401t1995 xxu||||| |||| 00| 0 eng d | ||
| 035 | _a(Sirsi) u93779 | ||
| 041 | _aeng | ||
| 245 | _aGround rents: last but by no means least | ||
| 260 | _c1995 | ||
| 350 | _a0 | ||
| 490 |
_aValuer (ISVA) _v64(4) May 1995, 10-11(2) |
||
| 520 | _aExplains the beginnings of the ground rents market and their continuing popularity. | ||
| 650 | _aGROUND RENTS | ||
| 650 | _aINVESTMENT MARKET | ||
| 650 | _aLEASEHOLD REFORM ACT 1967 | ||
| 650 | _aREVERSIONS | ||
| 690 |
_aLandlord and tenant _96252 |
||
| 690 | _aLANDLORD AND TENANT-LEASEHOLD REFORM | ||
| 942 | _n0 | ||
| 948 | _c04/03/1997 | ||
| 999 |
_c59440 _d59440 |
||